000 00482nam a2200181Ia 4500
008 240925s9999 xx 000 0 und d
020 _a007059449x
082 _a005.43 MEY
100 _aMeyers, Mike
245 0 _aOperating Systems
250 _aNA
260 _aNew Delhi:
_bTata McGraw Hill
_c,2004.
300 _axxxiv,973p.
_bNA
_fPirated
500 _aIncludes Index
600 _aComputer Science
650 _aComputer science, information & general works
942 _cBK
999 _c8522
_d8522